Reflexiones en torno a la niñez y adolescencia en riesgo social en la vía pública /
שמור ב:
| מחבר ראשי: | |
|---|---|
| פורמט: | ספר |
| שפה: | Spanish |
| יצא לאור: |
San José, Costa Rica :
UNICEF,
2002
|
| סדרה: | Working Paper,
Nº 9 |
| נושאים: | |
| תגים: |
הוספת תג
אין תגיות, היה/י הראשונ/ה לתייג את הרשומה!
|
MARC
| LEADER | 00000nam a22000007a 4500 | ||
|---|---|---|---|
| 008 | 170522b2002 cr ||||| |||| 00| | spa d | ||
| 999 | |c 3423 |d 3423 | ||
| 090 | |a 02.04.02 |b 1703 | ||
| 100 | 1 | |9 2815 |a Sanabria León, Jorge R. | |
| 245 | 1 | 0 | |a Reflexiones en torno a la niñez y adolescencia en riesgo social en la vía pública / |c Jorge R. Sanabria León |
| 260 | |a San José, Costa Rica : |b UNICEF, |c 2002 | ||
| 300 | |a 34 páginas | ||
| 490 | |a Working Paper, |v Nº 9 | ||
| 650 | 1 | 4 | |9 59 |a NIÑOS |
| 650 | 1 | 4 | |9 5 |a ADOLESCENTES |
| 650 | 1 | 4 | |9 544 |a PROBLEMAS SOCIALES |
| 942 | |i 002792 |h 02.04.02 1703 |2 z |c 01 | ||
